Города ЛНР - Statistics

General Stats
  • This quiz has been taken 894 times
  • The average score is 7 of 37
Answer Stats
Отвечать % Correct
18 Луганск
98%
32 Северодонецк
56%
17 Лисичанск
55%
3 Алчевск
37%
30 Сватово
29%
29 Рубежное
26%
15 Красный Луч
23%
4 Антрацит
23%
33 Старобельск
23%
16 Кременная
21%
26 Попасная
21%
34 Стаханов
21%
14 Краснодон
20%
36 Счастье
19%
6 Брянка
16%
28 Ровеньки
16%
31 Свердловск
16%
23 Первомайск
14%
10 Золотое
13%
19 Лутугино
13%
24 Перевальск
11%
13 Кировск
10%
21 Молодогвардейск
10%
8 Горское
9%
12 Ирмино
9%
5 Артёмовск
7%
9 Зимогорье
7%
35 Суходольск
7%
2 Алмазная
7%
25 Петровское
6%
27 Приволье
6%
37 Червонопартизанск
6%
1 Александровск
6%
22 Новодружеск
6%
7 Вахрушево
5%
11 Зоринск
5%
20 Миусинск
5%
No matching quizzes found
Score Distribution
Percent of People with Each Score
Percentile by Number Answered
Your Score History
You have not taken this quiz